[Event "SLO-chT2 East"]
[Site "Slovenia"]
[Date "2018.12.08"]
[Round "8"]
[White "Mihevc Mohr, Narcisa"]
[Black "Vohl, Gregor"]
[Result "0-1"]
[WhiteElo "1783"]
[BlackElo "1940"]
[PlyCount "156"]
[EventDate "2018.09.15"]
[EventType "team-tourn"]
[EventRounds "9"]
[EventCountry "SLO"]
[SourceTitle "EXT 2021"]
[Source "ChessBase"]
[SourceDate "2020.10.23"]
[SourceVersion "1"]
[SourceVersionDate "2020.10.23"]
[SourceQuality "1"]
[WhiteTeam "Maribor ZSK III"]
[BlackTeam "Gornja Radgona"]
[WhiteTeamCountry "SLO"]
[BlackTeamCountry "SLO"]

1. e4 c5 2. Nf3 d6 3. d4 cxd4 4. Nxd4 Nf6 5. Nc3 a6 6. g3 e6 7. Bg2 Be7 8. 0-0 0-0 9. a4 Nbd7 10. f4 Re8 11. Re1 e5 12. Nf5 Bf8 13. Kh1 Nc5 14. fxe5 dxe5 15. Qxd8 Rxd8 16. Bg5 Be6 17. Ne3 Be7 18. Bxf6 Bxf6 19. Ncd5 Bg5 20. b4 Nd7 21. h4 Bxe3 22. Rxe3 Nf6 23. c4 Ng4 24. Rc3 Kf8 25. Bf3 Rac8 26. Rac1 h5 27. c5 Nf2+ 28. Kg2 Nxe4 29. Bxe4 Bxd5 30. Bxd5 Rxd5 31. c6 Rxc6 32. Rxc6 bxc6 33. Rxc6 Rd4 34. Rxa6 Rxb4 35. Ra5 f6 36. Ra7 Kg8 37. a5 Ra4 38. a6 Kh7 39. Ra8 Kg6 40. Ra7 Ra3 41. Kf2 Ra2+ 42. Kf3 Ra3+ 43. Kf2 e4 44. Re7 Rxa6 45. Rxe4 Ra3 46. Rf4 Rd3 47. Ra4 Rd5 48. Ra6 Kf5 49. Ra4 g5 50. hxg5 fxg5 51. Ke3 Re5+ 52. Kf3 Rb5 53. Ra3 g4+ 54. Ke3 Kg5 55. Rc3 Rf5 56. Ke4 Ra5 57. Rb3 h4 58. gxh4+ Kxh4 59. Rb8 Ra4+ 60. Ke3 Kg3 61. Rf8 Ra3+ 62. Ke2 Rf3 63. Rg8 Rf5 64. Rg7 Kh3 65. Rh7+ Kg2 66. Rg7 Re5+ 67. Kd2 g3 68. Kd3 Kh2 69. Rh7+ Kg1 70. Kd4 Re8 71. Kd3 g2 72. Kd2 Re4 73. Kd3 Re5 74. Kd2 Kf2 75. Rf7+ Kg3 76. Rg7+ Kf3 77. Rg8 Re4 78. Rg7 Rg4 0-1

[Event "SLO-chT2 East"]
[Site "Slovenia"]
[Date "2018.10.13"]
[Round "4"]
[White "Bohak, Janko"]
[Black "Vohl, Gregor"]
[Result "1/2-1/2"]
[WhiteElo "1924"]
[BlackElo "1940"]
[PlyCount "99"]
[EventDate "2018.09.15"]
[EventType "team-tourn"]
[EventRounds "9"]
[EventCountry "SLO"]
[SourceTitle "EXT 2021"]
[Source "ChessBase"]
[SourceDate "2020.10.23"]
[SourceVersion "1"]
[SourceVersionDate "2020.10.23"]
[SourceQuality "1"]
[WhiteTeam "Ptuj SD II"]
[BlackTeam "Gornja Radgona"]
[WhiteTeamCountry "SLO"]
[BlackTeamCountry "SLO"]

1. d4 d5 2. Nf3 Nf6 3. Bf4 e6 4. e3 Be7 5. h3 0-0 6. Nbd2 b6 7. Bd3 Bb7 8. 0-0 Nbd7 9. c3 Ne4 10. Ne5 Nxe5 11. Bxe5 Bd6 12. f3 Nxd2 13. Qxd2 Bxe5 14. dxe5 c5 15. Rad1 f6 16. Qc2 f5 17. f4 Qh4 18. Qf2 Qxf2+ 19. Rxf2 c4 20. Bc2 Rac8 21. g4 g6 22. gxf5 gxf5 23. Rg2+ Kf7 24. Rd4 Rg8 25. Bd1 Rxg2+ 26. Kxg2 Rg8+ 27. Kf2 Ke7 28. Bh5 Bc6 29. Rd1 Be8 30. Bf3 Ba4 31. Rg1 Rxg1 32. Kxg1 Kf7 33. Bh5+ Kg7 34. Kf2 h6 35. Ke1 Kf8 36. Kd2 Ke7 37. Kc1 Kd7 38. Be2 Ke7 39. Kd2 Kf7 40. e4 fxe4 41. Bh5+ Ke7 42. Ke3 Be8 43. Bd1 Bb5 44. Kd4 Be8 45. h4 Bc6 46. b4 Be8 47. a4 Bg6 48. b5 Kf7 49. Be2 Bf5 50. Bh5+ 1/2-1/2

[Event "SLO-chT2 East"]
[Site "Slovenia"]
[Date "2018.09.29"]
[Round "3"]
[White "Vohl, Gregor"]
[Black "Susin, Aljaz"]
[Result "0-1"]
[WhiteElo "1940"]
[BlackElo "1903"]
[PlyCount "102"]
[EventDate "2018.09.15"]
[EventType "team-tourn"]
[EventRounds "9"]
[EventCountry "SLO"]
[SourceTitle "EXT 2021"]
[Source "ChessBase"]
[SourceDate "2020.10.23"]
[SourceVersion "1"]
[SourceVersionDate "2020.10.23"]
[SourceQuality "1"]
[WhiteTeam "Gornja Radgona"]
[BlackTeam "Brezice"]
[WhiteTeamCountry "SLO"]
[BlackTeamCountry "SLO"]

1. e4 e5 2. Nf3 Nc6 3. Bb5 d6 4. 0-0 Bd7 5. c3 Nf6 6. Re1 a6 7. Ba4 b5 8. Bc2 Bg4 9. d3 Be7 10. Nbd2 h6 11. Nf1 0-0 12. Ng3 Nh7 13. h3 Be6 14. d4 Bd7 15. d5 Na5 16. Nh2 Bh4 17. Nf5 Bxf5 18. exf5 Bg5 19. Bxg5 Nxg5 20. Qh5 Nh7 21. h4 Nc4 22. Ng4 f6 23. Ne3 Nb6 24. Qf3 Qd7 25. g4 Qf7 26. Kh2 Rab8 27. Nf1 Kh8 28. Rad1 Nd7 29. Ng3 Nb6 30. Nh5 a5 31. Re2 a4 32. Qe4 Nd7 33. Rg1 Nb6 34. Rd1 Nd7 35. Qg2 Rfe8 36. c4 Nc5 37. cxb5 Rxb5 38. Bb1 Reb8 39. f4 Nd7 40. Rdd2 Rb4 41. Qf3 R8b5 42. Qc3 Rb7 43. Re4 Rxe4 44. Bxe4 Nc5 45. Bb1 exf4 46. Nxf4 Nf8 47. Ne6 Qe7 48. Rg2 Nh7 49. Re2 Nd7 50. Nf4 Ne5 51. Rxe5 Qxe5 0-1

[Event "SLO-chT2 East"]
[Site "Slovenia"]
[Date "2017.12.09"]
[Round "9"]
[White "Vohl, Gregor"]
[Black "Cirkvencic, Franci"]
[Result "1/2-1/2"]
[WhiteElo "1952"]
[BlackElo "2023"]
[PlyCount "71"]
[EventDate "2017.09.30"]
[EventType "team-tourn"]
[EventRounds "9"]
[EventCountry "SLO"]
[SourceTitle "EXT 2019"]
[Source "ChessBase"]
[SourceDate "2018.10.10"]
[SourceVersion "1"]
[SourceVersionDate "2018.10.10"]
[SourceQuality "1"]

1. e4 c5 2. Nc3 Nc6 3. Bb5 d6 4. d3 g6 5. Bxc6+ bxc6 6. Nf3 Bg7 7. 0-0 Nf6 8. h3 0-0 9. Be3 Ba6 10. Qd2 Rb8 11. Rab1 Nd7 12. Bh6 e6 13. Bxg7 Kxg7 14. Nh2 h5 15. f4 f5 16. Nf3 Nf6 17. Ng5 Qd7 18. exf5 exf5 19. Rfe1 Rfe8 20. Rxe8 Rxe8 21. Re1 Bc8 22. Rxe8 Qxe8 23. Qe2 Qxe2 24. Nxe2 Nd5 25. Kf2 Nb4 26. Ke3 Nxc2+ 27. Kd2 Nb4 28. a3 Nd5 29. g3 Kf6 30. Nc3 Nxc3 31. bxc3 Be6 32. Nxe6 Kxe6 33. Ke3 d5 34. d4 c4 35. a4 a5 36. h4 1/2-1/2

[Event "SLO-chT2 East"]
[Site "Slovenia"]
[Date "2017.10.21"]
[Round "5"]
[White "Vohl, Gregor"]
[Black "Zagorsek, David"]
[Result "1/2-1/2"]
[WhiteElo "1952"]
[BlackElo "2106"]
[PlyCount "82"]
[EventDate "2017.09.30"]
[EventType "team-tourn"]
[EventRounds "9"]
[EventCountry "SLO"]
[SourceTitle "EXT 2019"]
[Source "ChessBase"]
[SourceDate "2018.10.10"]
[SourceVersion "1"]
[SourceVersionDate "2018.10.10"]
[SourceQuality "1"]

1. e4 e5 2. Nf3 Nf6 3. Nxe5 d6 4. Nf3 Nxe4 5. d4 d5 6. Bd3 Nc6 7. 0-0 Be7 8. c4 Nb4 9. Bxe4 dxe4 10. Ne5 0-0 11. a3 Nc6 12. Nxc6 bxc6 13. Nc3 f5 14. Bf4 Rb8 15. Rb1 Bd6 16. Bxd6 Qxd6 17. Qa4 Qxd4 18. Qxc6 Qb6 19. Qxb6 axb6 20. Nd5 Rf7 21. Rfd1 Be6 22. Rbc1 Rd7 23. b3 Rbd8 24. Nc3 Rd3 25. a4 Kf7 26. Rxd3 Rxd3 27. Kf1 Rd2 28. Nd5 Rd3 29. Nxc7 Rxb3 30. Nxe6 Kxe6 31. c5 bxc5 32. Rxc5 Ra3 33. Ra5 Ra2 34. Ra8 g6 35. a5 Kf6 36. h4 Kg7 37. a6 Kh6 38. Ra7 f4 39. Rf7 f3 40. gxf3 exf3 41. Rxf3 Rxa6 1/2-1/2

[Event "SLO-chT2 East"]
[Site "Slovenia"]
[Date "2017.10.15"]
[Round "2"]
[White "Gmajner, Ivan"]
[Black "Vohl, Gregor"]
[Result "1/2-1/2"]
[WhiteElo "1814"]
[BlackElo "1952"]
[PlyCount "73"]
[EventDate "2017.09.30"]
[EventType "team-tourn"]
[EventRounds "9"]
[EventCountry "SLO"]
[SourceTitle "EXT 2019"]
[Source "ChessBase"]
[SourceDate "2018.10.10"]
[SourceVersion "1"]
[SourceVersionDate "2018.10.10"]
[SourceQuality "1"]

1. e4 c5 2. Nf3 d6 3. d4 cxd4 4. Nxd4 Nf6 5. Nc3 a6 6. Bc4 e6 7. Bb3 Nbd7 8. Be3 Nc5 9. f3 e5 10. Nde2 Nxb3 11. axb3 Be6 12. 0-0 d5 13. exd5 Nxd5 14. Nxd5 Bxd5 15. c4 Bc6 16. Nc3 Bb4 17. Qc2 0-0 18. Rfd1 Qh4 19. Nd5 Bxd5 20. Rxd5 Rae8 21. Qe4 Qe7 22. Qf5 g6 23. Qd7 f5 24. Rad1 f4 25. Qxe7 Rxe7 26. Bc5 Bxc5+ 27. Rxc5 e4 28. fxe4 Rxe4 29. Rc7 f3 30. gxf3 Rxf3 31. Rd8+ Rf8 32. Rxf8+ Kxf8 33. Rxb7 Re3 34. Rxh7 Rxb3 35. Ra7 Rxb2 36. Rxa6 Rc2 37. Rxg6 1/2-1/2

[Event "SLO-chT2 East"]
[Site "Slovenia"]
[Date "2016.11.12"]
[Round "7"]
[White "Tolic, Mato"]
[Black "Vohl, Gregor"]
[Result "1/2-1/2"]
[WhiteElo "1912"]
[BlackElo "1887"]
[PlyCount "160"]
[EventDate "2016.09.24"]
[EventType "team-tourn"]
[EventRounds "9"]
[EventCountry "SLO"]
[SourceTitle "EXT 2019"]
[Source "ChessBase"]
[SourceDate "2018.10.10"]
[SourceVersion "1"]
[SourceVersionDate "2018.10.10"]
[SourceQuality "1"]
[WhiteTeam "Malecnik"]
[BlackTeam "Gornja Radgona"]
[WhiteTeamCountry "SLO"]
[BlackTeamCountry "SLO"]

1. e4 c5 2. Nf3 d6 3. d4 cxd4 4. Nxd4 Nf6 5. Nc3 a6 6. h3 e5 7. Nf3 Be7 8. Be3 Nbd7 9. Bc4 Qc7 10. Bb3 0-0 11. Qe2 b5 12. g4 Bb7 13. Bg5 Nc5 14. Bxf6 Bxf6 15. Nd5 Qa5+ 16. Qd2 Nxb3 17. cxb3 Qxd2+ 18. Nxd2 Bxd5 19. exd5 Rac8 20. Ne4 Be7 21. Kd2 g6 22. g5 f5 23. gxf6 Bxf6 24. Rac1 Bg7 25. Kd3 Bh6 26. Rc3 b4 27. Rc4 a5 28. Ke2 Rfd8 29. Rxc8 Rxc8 30. Nxd6 Rd8 31. Ne4 Kf7 32. Rd1 Ke7 33. Nc5 Rd6 34. Nb7 Rb6 35. Nxa5 Ra6 36. Nc6+ Kd6 37. Nxb4 Ra5 38. Rd3 e4 39. Rd4 Bg7 40. Rxe4 Bxb2 41. a4 Bc3 42. Rc4 Bxb4 43. Rxb4 Kxd5 44. Ke3 Ra8 45. Kd3 Rf8 46. f4 Kc5 47. Rb5+ Kc6 48. Ke4 Re8+ 49. Re5 Rb8 50. Rb5 Re8+ 51. Kf3 Re1 52. b4 Rh1 53. Rc5+ Kb6 54. a5+ Kb7 55. Rb5+ Ka7 56. Kg2 Rc1 57. Rb6 Ra1 58. Kg3 Rg1+ 59. Kh4 h6 60. Re6 g5+ 61. fxg5 hxg5+ 62. Kh5 Rg3 63. b5 Rxh3+ 64. Kxg5 Rb3 65. Re5 Ra3 66. Re7+ Ka8 67. a6 Rb3 68. Rb7 Rg3+ 69. Kf4 Rf3+ 70. Ke5 Rf5+ 71. Kd4 Rf4+ 72. Kc5 Rc4+ 73. Kd6 Rc6+ 74. Kd7 Rd6+ 75. Ke8 Rd8+ 76. Ke7 Re8+ 77. Kd6 Re6+ 78. Kc5 Rc6+ 79. Kb4 Rc4+ 80. Ka5 Ra4+ 1/2-1/2

[Event "SLO-chT2 East"]
[Site "Slovenia"]
[Date "2016.10.29"]
[Round "5"]
[White "Jeromelj, Bozo"]
[Black "Vohl, Gregor"]
[Result "0-1"]
[WhiteElo "1987"]
[BlackElo "1887"]
[PlyCount "64"]
[EventDate "2016.09.24"]
[EventType "team-tourn"]
[EventRounds "9"]
[EventCountry "SLO"]
[SourceTitle "EXT 2019"]
[Source "ChessBase"]
[SourceDate "2018.10.10"]
[SourceVersion "1"]
[SourceVersionDate "2018.10.10"]
[SourceQuality "1"]
[WhiteTeam "Dravograd"]
[BlackTeam "Gornja Radgona"]
[WhiteTeamCountry "SLO"]
[BlackTeamCountry "SLO"]

1. e4 c5 2. Nf3 d6 3. d4 cxd4 4. Nxd4 Nf6 5. Nc3 a6 6. Bg5 Nbd7 7. Qd2 e6 8. Be2 Be7 9. 0-0 Qc7 10. f3 b5 11. a3 Bb7 12. Rac1 0-0 13. Kh1 Rfd8 14. Rfd1 Rac8 15. Nb3 Ne5 16. Be3 d5 17. exd5 Nxd5 18. Nxd5 Rxd5 19. Qa5 Rxd1+ 20. Bxd1 Qd7 21. Be2 Nc4 22. Bxc4 Rxc4 23. Qd2 Qc7 24. Bf2 Bf6 25. c3 h5 26. Rd1 Bd5 27. Qe3 h4 28. Nd2 Rf4 29. Ne4 Be7 30. Kg1 Bxe4 31. fxe4 Rxf2 32. Kxf2 Bc5 0-1

[Event "SLO-chT2 East"]
[Site "Slovenia"]
[Date "2016.10.01"]
[Round "3"]
[White "Vohl, Gregor"]
[Black "Gmajner, Ivan"]
[Result "1/2-1/2"]
[WhiteElo "1887"]
[BlackElo "1818"]
[PlyCount "60"]
[EventDate "2016.09.24"]
[EventType "team-tourn"]
[EventRounds "9"]
[EventCountry "SLO"]
[SourceTitle "EXT 2019"]
[Source "ChessBase"]
[SourceDate "2018.10.10"]
[SourceVersion "1"]
[SourceVersionDate "2018.10.10"]
[SourceQuality "1"]
[WhiteTeam "Gornja Radgona"]
[BlackTeam "Krsko Triglav II"]
[WhiteTeamCountry "SLO"]
[BlackTeamCountry "SLO"]

1. e4 e5 2. Nf3 Nc6 3. Bb5 a6 4. Ba4 Nf6 5. 0-0 b5 6. Bb3 Be7 7. Re1 d6 8. h3 0-0 9. c3 Bb7 10. d4 Re8 11. Nbd2 Bf8 12. d5 Nb8 13. Nf1 Nbd7 14. Ng3 Nc5 15. Bc2 c6 16. Bg5 h6 17. dxc6 Bxc6 18. Bxf6 Qxf6 19. Nh2 g6 20. Ng4 Qg5 21. Ne3 Ne6 22. Nd5 Bxd5 23. exd5 Nf4 24. Qf3 f5 25. Ne2 Nxe2+ 26. Qxe2 Reb8 27. a4 b4 28. c4 e4 29. b3 Bg7 30. Rad1 Bc3 1/2-1/2